| 000 | 00498cam a22001571 4500 | ||
|---|---|---|---|
| 082 |
_a532 _bHAR _cl-22, P-9 |
||
| 100 | 1 |
_aHarris, Charles William, _939947 |
|
| 245 | 0 | 0 |
_aHydraulics, _cby Charles W. Harris ... |
| 250 | _a2d printing, rev. | ||
| 260 |
_aNew York, _bJ. Wiley & sons, inc.; _aLondon, _bChapman & Hall, limited _c[1944] |
||
| 300 |
_ax, 222 p. _billus., diagrs. _c22 cm. |
||
| 526 |
_a0 _b0 _c0 _d532_000000000000000_HAR |
||
| 650 | 0 | _aHydraulics. | |
| 650 | 0 |
_aMCE _9379 |
|
| 942 |
_2ddc _cBK |
||
| 999 |
_c544330 _d544330 |
||